| 000 | 00394nam a22001457a 4500 | ||
|---|---|---|---|
| 082 | _aP-443(B) | ||
| 100 |
_aFarhan Siddique, Syndicate No 12 _948238 |
||
| 245 |
_aComparative study of step tapered pile _cFarhan Siddique, M. Yasir Siddiq |
||
| 260 | _c2010 | ||
| 300 | _a79 P, : | ||
| 526 |
_a0 _b0 _c0 _dP_443B |
||
| 650 | _aProject | ||
| 700 |
_aDr Muhammad Rizwan _934659 |
||
| 942 |
_2ddc _cBK |
||
| 999 |
_c551238 _d551238 |
||